Popularne numery rap/trap tygodnia 30.04-06.05 Spotify. - Statystyki

Ogólne statystyki
  • Ten quiz został rozwiązany 14 razy
  • Średni wynik to 20 z 30
Statystyki odpowiedzi
Wykonawca Odsłuchania Utwór % Poprawnych
Sobel 1.29M Bandyta
100%
Mata 1.25M Patoreakcja
100%
Ekipa 504K 3KIPA
93%
Sobel 1.91M Fiołkowe Pole
93%
Young Leosia 353K Szklanki
93%
Ekipa 1.03M Chill
86%
Wiatr, Sobel, Be Vis 565K Testarossa
86%
Sobel 550K Alien
71%
Reto 339K Billy Kid
71%
Guzior 540K BLUEBERRY
71%
Quebonafide, Daria Zawiałow 329K BUBBLETEA
71%
Kizo, Trill Pem 372K Fitness
71%
Sobel 494K Impreza
71%
Sobel 504K Kinol
71%
OIO 695K Worki W Tłum
71%
Ekipa, Qry 467K ZAEBYŚCIE
71%
Guzior, Oskar83 443K FALA
64%
Kizo, Wac Toja 926K Nasze Lato
64%
Sobel, Young Igi 567K Nie Teraz
64%
Reto 359K Paw
64%
Mata 346K Schodki
64%
Janusz Walczuk 426K Janusz Walczuk
57%
Żabson 342K OBOK
50%
OIO 830K Przypadkiem
50%
Chivas 444K Jakbym Miał W Ręku Klamkę
43%
Chivas, White 2115 418K Mam Na Twarzy Krew I Tym Razem Nie Jest Sztuczna
43%
Janusz Walczuk, Young Igi 437K Amsterdam
36%
Tymek, Kuba Karaś, Urbanski 350K Oczko w głowie
36%
Mata 356K 100 dni do matury
29%
Sobel 331K Każdego Dnia
29%
Nie znaleziono quizów pasujących do podanych kryteriów
Rozkład punktacji
Procent ludzi z każdym wynikiem
Percentyl według liczby udzielonych odpowiedzi
Twoja historia wyników
Nie rozwiązałeś tego quizu